| 000 | 00512nam a2200205Ia 4500 | ||
|---|---|---|---|
| 008 | 160404s9999 xx 000 0 und d | ||
| 020 | _a978-97127-2157-1 | ||
| 050 | _aFIL HF 5415 | ||
| 050 | _b.A23 2009 | ||
| 100 | _aAc-Ac, Maria Victoria M. | ||
| 245 | _aPrinciples of marketing / | ||
| 245 | _cMaria Victoria M. Ac-Ac | ||
| 260 | _aPasig City: | ||
| 260 | _bAnvil Pub. Inc., | ||
| 260 | _c2009 | ||
| 300 | _a285 pages : | ||
| 300 | _billustrations ; | ||
| 300 | _c25 cm. | ||
| 650 | _aMarketing. | ||
| 999 |
_c293316 _d293316 |
||